Click a Jackson Quiz Stats

 Plays Quiz Updated Feb 7, 2015

Also try: Click a Chuck
Challenge
Share
Tweet
Embed
Score 0/20 Timer 05:00
10 Plays Today
% Correct
Michael
93.3%
Samuel L.
91.5%
Andrew
84.4%
Randy
82.7%
Thomas 'Stonewall'
82.2%
Peter
80.1%
Janet
79.2%
Jesse
79.1%
'Shoeless' Joe
77.3%
Glenda
72.6%
% Correct
Reggie
71.8%
Phil
71%
Bo
70.5%
Curtis
66.3%
DeSean
65.7%
Alan
61.2%
Mahalia
61.1%
Robert
58.4%
Lucious
55.9%
Keith
52.3%

You're not logged in!

Compare scores with friends on all Sporcle quizzes.
Join for Free
OR
Log In

You Might Also Like...

Show Comments

Extras

Top Quizzes Today


Score Distribution

Your Account Isn't Verified!

In order to create a playlist on Sporcle, you need to verify the email address you used during registration. Go to your Sporcle Settings to finish the process.

Report this User

Report this user for behavior that violates our Community Guidelines.

Details: